| 000 | 00742 a2200157 4500 | ||
|---|---|---|---|
| 003 | Nust | ||
| 005 | 20170207154215.0 | ||
| 040 | _cNust | ||
| 082 | _a378.4 | ||
| 245 |
_aUni of Plymouth - UG Prospectus 2001 _cUni of Plymouth |
||
| 260 |
_aPlymouth _bUni of Plymouth _c2001 |
||
| 300 | _a228 p. | ||
| 505 | _aSubject Area Inbex (Page-1) Open Days (Page-10) Money Matters (Page-14) Part-time Work (Page-16) Travel as You Learn (Page-Language Opportunities at Plymouth (Page-20) Be a Sport (Page-24) Our Partners in Higher Education (Page-28) Accommodation (Page-30) Planned New Courses (Page-36) Part-time study (Page-40) Postgraduate Study (Page-40) Entry Requirements (Page-41) | ||
| 538 | _aAlmirah No. 117 Shelf No. 2 | ||
| 650 | _aUG Prospectus | ||
| 942 |
_2ddc _cBK |
||
| 999 |
_c195083 _d195083 |
||